000 01420nam0a2200301 4500
001 RU\NLR\bibl\1742912
005 20260407092623.0
010 _a978-5-87822-423-9
_9100
021 _aRU
_b2011-6728
_9473
035 _a(NLR Aleph) 001733820
090 _a1416366
_c1416366
100 _a20110303d2010 |||y0rusy50 ca
101 0 _arus
102 _aRU
105 _aa |||||||||
200 1 _aСтановление педагогического мастерства молодого учителя иностранных языков
_eсборник научных трудов
_fМ-во образования и науки РФ, Вологод. гос. пед. ун-т
_g[отв. ред.: к.филол.н. Е.В. Разова]
210 _aВологда
_cВГПУ
_d2010
215 _a91 с.
_cил.
_d21
320 _aБиблиогр. в конце ст.
606 1 _aУчителя иностранных языков
_jСборники
_xПедагогическое мастерство
_91845173
_3RU\NLR\auth\661127095
686 _aЧ421.421я43
702 1 _aРазова
_bЕ. В.
_gЕлена Владимировна
_4340
712 0 2 _4570
_aВологодский государственный педагогический университет
_3RU\NLR\AUTH\8820813
_9315359
801 0 _aRU
_bNLR
_c20110303
_gRCR
801 1 _aRU
_bNLR
_c20110303
942 _cBOOK
980 _aNB